| 000 | 00978nam a2200325 a 4500 | ||
|---|---|---|---|
| 003 | AR-BaBNM | ||
| 005 | 20251128203651.0 | ||
| 008 | 082120s2002 ||||||||||||||000 | spa|| | ||
| 040 | _cAR-BaBNM | ||
| 100 | 1 | _aMedina, Francisco | |
| 245 | 0 | 0 | _aLa fauna del jurásico superior del refugio Ameghino y Cerro El Manco. Península Antártica |
| 260 |
_aBuenos Aires _bDirección Nacional del Antártico _c1983 |
||
| 300 |
_a18 p. _bmapas, il., láms. |
||
| 490 | 0 |
_aInstituto Antártico Argentino _vv. 293 |
|
| 504 | _aBibliografía p. 14 | ||
| 650 | 4 | _aREGIONES POLARES | |
| 650 | 4 | _aZONAS CLIMATICAS | |
| 650 | 4 | _aOCEANOGRAFIA | |
| 650 | 4 | _aEXPEDICIONES CIENTIFICAS | |
| 650 | 4 | _aEXPLORACION OCEANICA | |
| 650 | 4 | _aINVESTIGACION CIENTIFICA | |
| 650 | 4 | _aEXPLORACION DE RECURSOS | |
| 650 | 4 | _aZOOGEOGRAFIA | |
| 650 | 4 | _aFAUNA | |
| 651 | 4 | _aAntártida | |
| 700 | 1 | _aFourcade, Néstor H. | |
| 700 | 1 | _aDel Valle, Rodolfo A. | |
| 942 | _cBK | ||
| 998 | _cmariana | ||
| 999 |
_c4400 _d4400 |
||